000 00881nam a2200217 a 4500
001 73454
003 BD-RjUL
005 20211209082410.0
008 170601s1956 nyua b 001 0 eng
035 _a(BD-RjUL)73672
040 _aDLC
_cDLC
_dDLC
_dBD-RjUL
_beng
041 _aeng
082 0 0 _a630
_223
_bPRO 1956
245 0 0 _aProceedings of the Ninth International Conference of Agricultural Economists :
_bHeld at Teekkarikyla, Otaniemi, Finland 19-26 August 1955 : The implications of technical change in agriculture /
_cInternational Conference of Agricultural Economists (9th : 1955 : Helsinki)
260 _aLondon :
_boxford university press,
_cc1956
300 _a571 p. :
_c22 cm.
_bill. ;
504 _aIncludes index.
650 _aAgriculture
_9217302
710 _aInternational Conference of Agricultural Economists (9th : 1955 : Helsinki)
_9217305
942 _2ddc
_cBK
999 _c73454
_d73454